| 000 | 00546nam a22001577a 4500 | ||
|---|---|---|---|
| 999 |
_c534664 _d534664 |
||
| 020 | _qHard Cover. | ||
| 082 | _a629.04 | ||
| 100 | _aFazal Haq. | ||
| 245 |
_a Optimization of RAP and sasobit for permanent deformation and moisture damage of asphalt mixes / _cFazal Haq. |
||
| 260 |
_aIslamabad : _bNIT - NUST, _c2017. |
||
| 300 |
_axvi, 120 p. : ill. : _c30cm. |
||
| 942 |
_2ddc _cTHE |
||
| 650 |
_aTransportation Engineering - MS Thesis. _916276 |
||
| 700 |
_aDr. Arshahad Hussain. _928958 |
||